Sandstorm : (Record no. 28892)

MARC details
000 -LEADER
campo de control de longitud fija 01404cam a22002774a 4500
001 - NÚMERO DE CONTROL
campo de control 115519
005 - FECHA Y HORA DE LA ÚLTIMA TRANSACCIÓN
campo de control 20230410103936.0
008 - DATOS DE LONGITUD FIJA--INFORMACIÓN GENERAL
campo de control de longitud fija 120223s2012 xxkab b 001 0 eng |
020 ## - NÚMERO INTERNACIONAL ESTÁNDAR DEL LIBRO
Número Internacional Estándar del Libro 9780571288045
050 14 - SIGNATURA TOPOGRÁFICA DE LA BIBLIOTECA DEL CONGRESO
Número de clasificación 525 DT 236
Número de ítem H655s 2012
100 1# - ENTRADA PRINCIPAL--NOMBRE DE PERSONA
Nombre de persona Hilsum, Lindsey.
245 10 - MENCIÓN DEL TÍTULO
Título Sandstorm :
Resto del título Libya in the time of revolution /
Mención de responsabilidad, etc. Lindsey Hilsum.
260 ## - PUBLICACIÓN, DISTRIBUCIÓN, ETC.
Lugar de publicación, distribución, etc. London :
Nombre del editor, distribuidor, etc. Faber and Faber,
Fecha de publicación, distribución, etc. 2012.
300 ## - DESCRIPCIÓN FÍSICA
Extensión 288 p., [16] p. of plates :
Otras características físicas ill. (some col.), map
504 ## - NOTA DE BIBLIOGRAFÍA, ETC.
Nota de bibliografía, etc. Includes bibliographical references and index.
505 0# - NOTA DE CONTENIDO CON FORMATO
Nota de contenido con formato Prologue -- The people demand the fall of the regime -- The strange world of Muammar Gadaffi -- Subversives and stray dogs -- Massacre at Abu Salim -- That mad dog of the Middle East -- King of kings of Africa -- Sons and daughters -- Spies, diplomats and drones -- The battle for Tripoli -- After the revolution.
520 ## - RESUMEN, ETC.
Sumario, etc. Describes the 2011 defeat of Libya's dictator Muammar Gadaffi by his own people, tracing the story of Gadaffi's regime from its early days of popular appeal to the fear and corruption of its final years from the perspectives of five Libyan rebels.
650 #0 - PUNTO DE ACCESO ADICIONAL DE MATERIA--TÉRMINO DE MATERIA
Término de materia o nombre geográfico como elemento de entrada Libya
Subdivisión general History
Subdivisión cronológica Civil War, 2011-
650 #0 - PUNTO DE ACCESO ADICIONAL DE MATERIA--TÉRMINO DE MATERIA
Término de materia o nombre geográfico como elemento de entrada Revolutions
Subdivisión geográfica Libya.
650 #4 - PUNTO DE ACCESO ADICIONAL DE MATERIA--TÉRMINO DE MATERIA
Término de materia o nombre geográfico como elemento de entrada Libia
Subdivisión general Historia
Subdivisión cronológica Guerra civil, 2011.
650 #4 - PUNTO DE ACCESO ADICIONAL DE MATERIA--TÉRMINO DE MATERIA
Término de materia o nombre geográfico como elemento de entrada Revoluciones
Subdivisión geográfica Libia.
600 10 - PUNTO DE ACCESO ADICIONAL DE MATERIA--NOMBRE DE PERSONA
Nombre de persona Qaddafi, Muammar.
651 #0 - PUNTO DE ACCESO ADICIONAL DE MATERIA--NOMBRE GEOGRÁFICO
Nombre geográfico Libya
Subdivisión general History
Subdivisión cronológica 1969-
942 ## - ELEMENTOS DE ENTRADA SECUNDARIOS (KOHA)
Fuente del sistema de clasificación o colocación Clasificación de Library of Congress
Tipo de ítem Koha
946 ## - PROCESAMIENTO DE INFORMACIÓN LOCAL (OCLC)
a rsfv
Holdings
Estatus retirado Estado de pérdida Fuente del sistema de clasificación o colocación Estado de daño No para préstamo Colección Biblioteca de origen Biblioteca actual Ubicación en estantería Fecha de adquisición Serial enumeration / chronology Signatura topográfica completa Código de barras Visto por última vez Copia número Tipo de ítem Koha
    Clasificación de Library of Congress     Recursos Regionales Biblioteca Juan Bosch Biblioteca Juan Bosch Recursos Regionales (2do. Piso) 10/04/2023 1 525 DT 236 H655s 2012 00000108921 23/10/2018 1